000 00597nam a2200229 c 4500
003 BLK
005 20180413122111.0
008 180408b bul|||||r ||||||| ||bul||
010 _aKNG00045847000
040 _aBLK
041 _aeng
_cENG
080 _aАнглийска литература
_b821.111
_x-323
_z821.111-323
139 _aWODEHOUSE, P. G.
_b
245 1 0 _aVery good, Jeeves!
260 London
_bHerbert Jenkins
_cS. l.
300 _a312 с.
_c19 см
852 _aЦб 206763
856 4 _qpdf
_u
856 4 _qpdf
_u
942 _cKNG
_n0
944 _aCR
_c
_kAB_DOS
944 _aED
_c15.01.2003
_k
999 _c42187
_d42187